000 00753nam a22002537a 4500
005 20170123162334.0
010 _a703615
020 _c5.00
035 _a703615
037 _bCen Lib/Ret
040 _aDPL
_bUR
082 _a841
_bذ ک ی
100 _aذکی کاکوروی
_9108592
245 _aتجلیات /
_cذکی کاکوروی
246 _aTajalliyat /
_bby Zaki Kakorvi
260 _aلکھنؤ
_bمرکز ادب اردو
_c1973
270 _a١٣٧، شہگنج
_bلکھنؤ
300 _a240
_c17cm(Hb)
650 _a ادب - اردو
_9123425
650 _a اردو شاعری
_9123426
650 _aLiterature -- Urdu
_9123427
650 _aUrdu poetry
_9123428
942 _2ddc
_cUR
_h841
_mذ ک ی
999 _c108039
_d108039